[Event "Sao Caetano do Sul-ch 2nd"]
[Site "Sao Caetano do Sul"]
[Date "2016.06.11"]
[Round "6"]
[White "Silvestre da Silva, Sidnei"]
[Black "Guimaraes, Erico"]
[Result "1-0"]
[WhiteElo "1566"]
[BlackElo "1980"]
[PlyCount "20"]
[EventDate "2016.06.04"]
[EventType "swiss"]
[EventRounds "6"]
[EventCountry "BRA"]
[SourceTitle "EXT 2017"]
[Source "ChessBase"]
[SourceDate "2016.10.25"]
[SourceVersion "1"]
[SourceVersionDate "2016.10.25"]
[SourceQuality "1"]

1. d4 g6 2. f4 Bg7 3. e3 d6 4. Nf3 Nf6 5. c4 0-0 6. g3 c5 7. Nbd2 Bg4 8. h3 Bxf3 9. Nxf3 Nc6 10. Qc2 Qd7 1-0